000 00833nam a2200253 u 4500
001 000057582
005 20200120223657.0
008 130703s2008 ck a r 000 0 spa d
020 _a9789583030161
041 0 _a*spa
_heng
043 _as-ck---
082 0 4 _a363.25
_bE72
_221
245 0 3 _aLa escena del crimen :
_bun misterio forense donde tú resuelves el caso /
_cAsesor de la historia Rose Malcolm, Traducción Sandra Paola Viscaya Soto.
250 _a1a. ed.
260 _aBogotá :
_bPanamericana,
_c2008.
300 _a48 p. :
_bil.
500 _aIncluye índice y glosario
500 _aTítulo original : Scene of the crime
650 1 7 _aInvestigación criminal
_2LEMB
650 2 7 _aCriminología
_2LEMB
650 2 7 _aCiencias forenses
_2LEMB
700 1 _aMalcolm, Rose
700 1 _aViscaya Soto, Sandra Paola
_etr.
999 _c6848
_d6848